Stades de foot #2 - Statistiques

Statistiques générales
  • Ce quiz a été pris 100 fois
  • Le résultat moyen est 4 sur 16
Statistiques - réponses
Par images Réponse % Correct
Wembley
73%
Bollaert
71%
Stade de France
64%
Geoffroy Guichard
53%
Allianz Riviera
23%
Olympiastadion
19%
Estadio Mestalla
13%
Johan Cruyff Arena
13%
Estadio de la Ceramica
10%
London Stadium
10%
Tottenham Hotspur Stadium
10%
Estadio da luz
9%
Ramon Sanchez Pizjuan
8%
Estadio Azteca
4%
Red bull arena
1%
Rome
0%
Aucun quiz correspondant
Distribution des résultats
% des personnes avec chaque résultat
Percentile par nombre de réponses
Votre historique - résultats
Vous n’avez pas pris ce quiz